Ο σύγχρονος καπιταλισμός και άλλα δοκίμια
Αποθηκεύτηκε σε:
| Κύριος συγγραφέας: | |
|---|---|
| Άλλοι συγγραφείς: | |
| Μορφή: | Βιβλίο |
| Γλώσσα: | Greek English |
| Δημοσίευση: |
Αθήνα :
Μπουκουμάνης,
c1977.
|
| Θέματα: | |
| Ετικέτες: |
Προσθήκη ετικέτας
Δεν υπάρχουν, Καταχωρήστε ετικέτα πρώτοι!
|
MARC
| LEADER | 00000cam a2200000 a 4500 | ||
|---|---|---|---|
| 001 | 1/119333 | ||
| 008 | 190626t1977####gr | ||| |||| ||gre|| | ||
| 040 | |a GR-MyUa |b gre |c GR-MyUa |e AACR2 | ||
| 041 | 1 | |a gre |h eng | |
| 082 | 7 | |a 330.122 |2 (23) | |
| 100 | 1 | |a Sweezy, Paul M. |q (Paul Marlor), |d 1910-2004. | |
| 245 | 1 | 2 | |a Ο σύγχρονος καπιταλισμός και άλλα δοκίμια / |c Paul M. Sweezy ; μετάφραση Τζένη Μαστοράκη. |
| 260 | |a Αθήνα : |b Μπουκουμάνης, |c c1977. | ||
| 300 | |a 220 σ. : |c 21 εκ. | ||
| 500 | |a Μετάφραση του: "Modern capitalism and other essays". | ||
| 504 | |a Περιλαμβάνει βιβλιογραφικές παραπομπές. | ||
| 650 | 0 | |a Capitalism. | |
| 650 | 0 | |a Marxian economics. | |
| 700 | 1 | |a Μαστοράκη, Τζένη, |d 1949- |e trlf | |
| 852 | |a INST |b CHIOS |c TSAMOYRGELIS |e 20190626 |h 330.122 SWE |p 005200038775 |q 005200038775 |t BK |y 0 | ||
| 970 | |a Σπέντζα |b Ελένη |z 26-06-2019 | ||